000 00294nam a22001337a 4500
008 170623b xxu||||| |||| 00| 0 eng d
020 _a9780415169073
041 _aeng
080 _a32
100 _a21
101 _aSHP
245 _aTHE LIMITS OF INDEPENDENCE
_cWATSON, A
942 _2udc
_cBK
999 _c18862
_d18862